Fix the North America Map Quiz Stats

 Plays Quiz Updated Sep 20, 2016

Challenge
Share
Tweet
Score 0/13 Timer 03:00
16 Plays Today
% Correct
New Orleans
95.8%
DOMINICAN REPUBLIC
89.7%
Vancouver
88.6%
Havana
86.4%
EL SALVADOR
83.2%
New York
81.8%
San José
81.5%
Guatemala City
78.4%
HONDURAS
67.6%
Bridgetown
59.4%
ANTIGUA AND
BARBUDA
56.2%
Kingston
55.3%
ST. VINCENT & THE GRENADINES
54.8%

You're not logged in!

Compare scores with friends on all Sporcle quizzes.
OR
Log In

You Might Also Like...

Show Comments

Extras

Top Quizzes Today


Score Distribution

Your Account Isn't Verified!

In order to create a playlist on Sporcle, you need to verify the email address you used during registration. Go to your Sporcle Settings to finish the process.

Report this User

Report this user for behavior that violates our Community Guidelines.

Details: